China und die imperialistischen Mächte - Statistiken

Allgemein
  • Dieses Quiz wurde 21 mal gespielt
  • Das Durchschnittsergebnis liegt bei 1 aus 34
Antwortstatistiken
Jahr Ereignis % Korrekt
1793 Macartney-Mission
64%
1644 Qing-Dynastie
50%
Seit 1860 Selbststärkungsbewegung
21%
1915 Abschaffung der Republik durch Yuan Shikai
0%
1914 Auflösung des Parlaments
0%
1927 Beendigung des Bündnisses durch Chiang Kai-shek
0%
1900 Beginn des Boxeraufstand
0%
1839 Beginn des Ersten Opiumkriegs
0%
1851 Beginn des Taiping-Aufstands
0%
1856 Beginn des Zweiten Opiumkriegs
0%
1945 Beginn erneuter Kämpfe
0%
1897 Deutsches Reich besetzt die Bucht von Kiautschou
0%
18. Jahrhundert Einführung des Kanton-Systems
0%
1853 Einnahme Nanjings
0%
1838/39 Erneutes Opiumverbot durch Daoguang-Kaiser
0%
1912 Etablierung der Republik
0%
1884/85 Frankreich erobert Vietnam
0%
1905 Gründung des Revolutionsbundes durch Sun Yat-sen
0%
1864 Niederschlagung des Taiping-Aufstands
0%
1899 „Open Door Policy“ der USA
0%
1860 Pekinger Konvention (Ende des Zweiten Opiumkriegs)
0%
1557 Portugiesen pachten Macau
0%
1898 „Reform der hundert Tage“ des Kaisers Guangxu
0%
1911 Revolution in Wuhan
0%
1949 Sieg Mao Zedongs
0%
Juni 1900 Strafexpedition
0%
1908 Tod des Guangxu-Kaisers; Puyi als Nachfolger
0%
1861 Tod des Xianfeng-Kaisers
0%
1916 Tod Yuan Shikais
0%
1901 Unterzeichnung des „Boxerprotokolls“ (Ende des Boxeraufstands
0%
1937 Vereinter Kampf gegen Japan
0%
1842 Vertrag von Nanjing (Ende des Ersten Opiumkriegs)
0%
1895 Vertrag von Shimonoseki
0%
1924 Wiederherstellung der Einheit Chinas durch Guomindang und Kommunisten
0%
Keine übereinstimmenden Quizze gefunden
Verteilung der Resultate
Anzahl Personen mit jedem Resultat
Perzentil nach korrekt beantworteten Fragen
Ihre Resultats-Entwicklung
Sie haben dieses Quiz noch nicht gespielt